| 000 | 01420nam1a22002291i 4500 | ||
|---|---|---|---|
| 001 | rc\3799142 | ||
| 005 | 20240726085024.0 | ||
| 035 | _a(NLR Aleph) 007245974 | ||
| 090 |
_a7771165 _c7771164 |
||
| 100 | _a20120311d1975 |||y0rusy50 ca | ||
| 101 | 0 | _arus | |
| 102 | _aRU | ||
| 105 | _ay j ||||| | ||
| 200 | 1 |
_aМетодические материалы заочной педагогической конференции на тему "Эксплуатация вычислительных машин во взаимосвязке с учетно-экономическими дисциплинами" _e(По учебным планам №№ 21/ПМ, 21/КМ, 24/ПМ-1, 24/КМ _eВып. 4 _fЦентр. стат. упр. при Совете Министров УССР. Упр. подготовки и повышения квалификации работников учета. (УПК ЦСУУССР) |
|
| 210 |
_aКиев _cБ. и. _d1975 |
||
| 215 | _d28 | ||
| 333 | _aДСП | ||
| 710 | 1 | 2 | _aЗаочная педагогическая конференция на тему "Методика изложения курса "Эксплуатация вычислительных машин" во взаимосвязке с учетно-экономическими дисциплинами" (1975; Москва) |
| 801 | 0 |
_aRU _bNLR _gpsbo |
|
| 801 | 1 |
_aRU _bELAR _2rusmarc |
|
| 852 |
_aNLR _j76-50К/2997 |
||
| 942 | _cBOOK | ||